|
|
|
|
| LEADER |
00000nam a22000007i 4500 |
| 001 |
IT\ICCU\UBO\1851863 |
| 003 |
ItRI |
| 005 |
20260115231840.0 |
| 008 |
021010s2000 fr |||||| ||||| |||||c |
| 020 |
|
|
|a 2913066038 (sbagliato sulla 4° cop.)
|
| 040 |
|
|
|b ita
|c importazione bologna sebina
|
| 041 |
|
7 |
|a fre
|2 ISO-639-2
|
| 100 |
1 |
|
|a Verfloede, Élisa
|0 IT\ICCU\UBOV\697179
|4 aut
|
| 245 |
1 |
0 |
|a Latence /
|c Élisa Verfloede.
|
| 260 |
|
|
|a Paris :
|b KTM,
|c 2000
|
| 300 |
|
|
|a 182 p. ;
|c 20 cm.
|
| 942 |
|
|
|2 ddc
|c BK
|n 0
|
| 952 |
|
|
|0 0
|1 0
|4 0
|6 L_843_910000000000000_VER
|7 0
|9 14209
|a BO
|b BO
|d 2026-01-15
|i 6634
|l 0
|o L 843.91 VER
|p BO6634
|r 2026-01-15 23:18:40
|w 2026-01-15
|x [Sebina 5] [1 v.]
|y BK
|z 1 v.
|
| 999 |
|
|
|c 12259
|d 12259
|